[Event "X GRAN TORNEO INTERNACIONAL AFICIONADOS S-2300 "]
[Site "Benidorm (Alicante - SPAIN)"]
[Date "2011.12.03"]
[Round "2"]
[Board "1"]
[White "Z-Asensio, Linan Teodoro"]
[Black "Inants, Aghasi"]
[Result "0-1"]
[WhiteElo "2156"]
[BlackElo "2288"]
[PlyCount "55"]
[EventDate "2011.12.02"]
[EventRounds "10"]
[EventCountry "ESP"]

1. e4 c5 2. Nc3 a6 3. g4 b5 4. Bg2 Bb7 5. Nge2 e6 6. d4 cxd4 7. Nxd4 b4 8. Nce2
Nf6 9. Ng3 d5 10. e5 Nfd7 11. Qe2 Qb6 12. Nb3 a5 13. Be3 Qc7 14. f4 Nc6 15. Rd1
a4 16. Nd4 Ba6 17. Qd2 Rc8 18. Nxc6 Qxc6 19. Rc1 Bc5 20. Kf2 O-O 21. c3 Qb6 22.
Rhe1 f6 23. exf6 Nxf6 24. h3 Nxg4+ 25. hxg4 Rxf4+ 26. Bf3 Rcf8 27. Nf5 g5 28.
c4 0-1

[Event "X GRAN TORNEO INTERNACIONAL AFICIONADOS S-2300 "]
[Site "Benidorm (Alicante - SPAIN)"]
[Date "2011.12.03"]
[Round "2"]
[Board "1"]
[White "Collier, David O"]
[Black "Rogac, Srdjan"]
[Result "1/2-1/2"]
[WhiteElo "2138"]
[BlackElo "2287"]
[PlyCount "86"]
[EventDate "2011.12.02"]
[EventRounds "10"]
[EventCountry "ESP"]

1. d4 Nf6 2. Bg5 g6 3. Bxf6 exf6 4. c4 Bg7 5. Nc3 O-O 6. g3 d6 7. Bg2 c6 8. e3
Nd7 9. Nge2 Rb8 10. a4 a5 11. O-O Re8 12. Re1 f5 13. Rb1 Nf6 14. Qd2 Ra8 15. b4
axb4 16. Rxb4 h5 17. Nc1 Ne4 18. Nxe4 fxe4 19. Ne2 Qa5 20. Ra1 Bg4 21. Rb2 c5
22. Nc3 cxd4 23. exd4 Qf5 24. Nd5 Ra7 25. Rb5 Qc8 26. Nb6 Qd8 27. Ra3 Qf6 28.
h3 Bf5 29. d5 Qd4 30. Qxd4 Bxd4 31. a5 e3 32. fxe3 Bxe3+ 33. Kh2 Bd4 34. Bf3
Re1 35. g4 hxg4 36. hxg4 Be4 37. Bxe4 Rxe4 38. Kh3 Bxb6 39. Rxb6 Rxc4 40. Rxd6
Rc5 41. Rd7 Rcxa5 42. Rxa5 Rxa5 43. Rxb7 Rxd5 1/2-1/2

[Event "X GRAN TORNEO INTERNACIONAL AFICIONADOS S-2300 "]
[Site "Benidorm (Alicante - SPAIN)"]
[Date "2011.12.03"]
[Round "2"]
[Board "1"]
[White "Recuero Guerra, Javier"]
[Black "Estrada Martinez, Cesar"]
[Result "1-0"]
[WhiteElo "2282"]
[BlackElo "2132"]
[PlyCount "43"]
[EventDate "2011.12.02"]
[EventRounds "10"]
[EventCountry "ESP"]

1. d4 d5 2. Nf3 Nf6 3. g3 c5 4. Bg2 cxd4 5. O-O g6 6. Nxd4 Bg7 7. Nc3 O-O 8.
Nb3 e6 9. e4 Nxe4 10. Nxe4 dxe4 11. Bxe4 Qxd1 12. Rxd1 Nc6 13. c3 a5 14. a4 Rd8
15. Be3 e5 16. Bxc6 Rxd1+ 17. Rxd1 bxc6 18. Rd8+ Bf8 19. Nxa5 Kg7 20. Nxc6 Bb7
21. Rxa8 Bxa8 22. Nxe5 1-0

[Event "X GRAN TORNEO INTERNACIONAL AFICIONADOS S-2300 "]
[Site "Benidorm (Alicante - SPAIN)"]
[Date "2011.12.03"]
[Round "2"]
[Board "1"]
[White "Murcia Paredes, Angel"]
[Black "Madina Yadarola, Martin"]
[Result "0-1"]
[WhiteElo "2134"]
[BlackElo "2273"]
[PlyCount "47"]
[EventDate "2011.12.02"]
[EventRounds "10"]
[EventCountry "ESP"]

1. e4 g6 2. Nf3 Bg7 3. Bc4 e6 4. Nc3 Ne7 5. d4 d5 6. Bd3 b6 7. Qe2 Nbc6 8. exd5
exd5 9. O-O O-O 10. Bg5 Bg4 11. h3 Bxf3 12. Qxf3 Nxd4 13. Qe3 Re8 14. Rfe1 Ne6
15. Bxe7 Rxe7 16. Nxd5 Qxd5 17. Be4 Qd8 18. Bxa8 Qxa8 19. Rad1 Bxb2 20. c3 Qc8
21. Rd3 Ba3 22. Red1 Bd6 23. h4 Nf4 24. Qf3 0-1

[Event "X GRAN TORNEO INTERNACIONAL AFICIONADOS S-2300 "]
[Site "Benidorm (Alicante - SPAIN)"]
[Date "2011.12.03"]
[Round "2"]
[Board "1"]
[White "Lopez Pereyra, Antonio"]
[Black "Gilea, Lucian"]
[Result "1/2-1/2"]
[WhiteElo "2132"]
[BlackElo "2269"]
[PlyCount "26"]
[EventDate "2011.12.02"]
[EventRounds "10"]
[EventCountry "ESP"]

1. e4 c5 2. Nf3 a6 3. c4 Nc6 4. d4 cxd4 5. Nxd4 Nf6 6. Nc3 e5 7. Nc2 d6 8. Be2
Be6 9. O-O Be7 10. Be3 Rc8 11. f3 Na5 12. b3 O-O 13. Qd2 Qc7 {Irreproducible}
1/2-1/2

[Event "X GRAN TORNEO INTERNACIONAL AFICIONADOS S-2300 "]
[Site "Benidorm (Alicante - SPAIN)"]
[Date "2011.12.03"]
[Round "2"]
[Board "1"]
[White "Villuendas Valero, Adrian"]
[Black "Cardenas Serrano, Sergio"]
[Result "1-0"]
[WhiteElo "2267"]
[BlackElo "2127"]
[PlyCount "100"]
[EventDate "2011.12.02"]
[EventRounds "10"]
[EventCountry "ESP"]

1. d4 e6 2. e4 d5 3. Nd2 Nf6 4. e5 Nfd7 5. Bd3 c5 6. c3 Nc6 7. Ne2 cxd4 8. cxd4
f6 9. exf6 Nxf6 10. Nf3 Bd6 11. O-O Qc7 12. Bg5 O-O 13. Bh4 Nh5 14. Bg3 Nxg3
15. hxg3 g6 16. Rc1 Qg7 17. Qd2 a6 18. a3 Bd7 19. Rfe1 Rae8 20. Bb1 Bb8 21. Ba2
Ba7 22. Rcd1 Kh8 23. Nf4 Nxd4 24. Nxd4 e5 25. Nf3 exf4 26. gxf4 Ba4 27. Rc1 Bc6
28. Rxe8 Rxe8 29. Ne5 Qf6 30. Re1 Kg7 31. Bb1 Re6 32. g3 Qe7 33. Rd1 g5 34. Qd3
Rh6 35. Ng4 Rg6 36. f5 Rf6 37. Nxf6 Qxf6 38. Qe2 Qd6 39. Qg4 h6 40. Re1 Bd7 41.
Kg2 d4 42. Bd3 Kf6 43. Qh5 Kg7 44. Kh2 Qf6 45. Qf3 Bc6 46. Be4 Bd7 47. Bd3 Bc6
48. Qe2 Bc5 49. Qe6 Qxe6 50. Rxe6 Bf8 1-0

[Event "X GRAN TORNEO INTERNACIONAL AFICIONADOS S-2300 "]
[Site "Benidorm (Alicante - SPAIN)"]
[Date "2011.12.03"]
[Round "2"]
[Board "1"]
[White "Arias Igual, Alejandro"]
[Black "Martin Alvarez, Inigo"]
[Result "0-1"]
[WhiteElo "2123"]
[BlackElo "2262"]
[PlyCount "63"]
[EventDate "2011.12.02"]
[EventRounds "10"]
[EventCountry "ESP"]

1. d4 d6 2. Nf3 g6 3. Bg5 Bg7 4. c3 Nf6 5. Nbd2 O-O 6. e4 h6 7. Bh4 Qe8 8. Be2
e5 9. dxe5 dxe5 10. O-O Nh5 11. Re1 Nc6 12. Nc4 Nf4 13. Bg3 Bg4 14. Ne3 Rd8 15.
Qc2 Nxe2+ 16. Qxe2 Be6 17. Nc4 f6 18. Rad1 Qf7 19. b3 h5 20. Nb2 Nb8 21. Nd2
Qe7 22. Ndc4 Bh6 23. Ne3 c6 24. Nd3 Nd7 25. b4 Kh7 26. Rf1 Rc8 27. a4 c5 28.
Rb1 cxb4 29. Rxb4 b6 30. Ra1 Rc7 31. Qc2 Rfc8 32. f4 {Irreproducible} 0-1

[Event "X GRAN TORNEO INTERNACIONAL AFICIONADOS S-2300 "]
[Site "Benidorm (Alicante - SPAIN)"]
[Date "2011.12.03"]
[Round "2"]
[Board "1"]
[White "Lasinskas, Povilas"]
[Black "Parligras, Cosmin"]
[Result "1-0"]
[WhiteElo "2122"]
[BlackElo "2251"]
[PlyCount "89"]
[EventDate "2011.12.02"]
[EventRounds "10"]
[EventCountry "ESP"]

1. d4 Nf6 2. c4 e6 3. Nf3 b6 4. a3 Bb7 5. Nc3 d5 6. Bg5 Be7 7. e3 O-O 8. Qc2
Nbd7 9. Be2 c5 10. Rd1 cxd4 11. Nxd4 Rc8 12. O-O dxc4 13. Ndb5 Nd5 14. Bxe7
Qxe7 15. Nxa7 Nxc3 16. Qxc3 Ra8 17. Qb4 Qxb4 18. axb4 Ne5 19. Nb5 Ra2 20. Rd2
g5 21. Nc3 Ra7 22. f4 gxf4 23. exf4 Nc6 24. b5 Na5 25. Rd6 Rc8 26. Ra1 Nc6 27.
Rxa7 Nxa7 28. Rxb6 Rc7 29. Rd6 Nc8 30. Rd8+ Kg7 31. Kf2 Kf6 32. g4 e5 33. Kg3
exf4+ 34. Kxf4 Ne7 35. Rd6+ Kg7 36. Ke5 Bg2 37. Rd4 Rc8 38. Kd6 Rd8+ 39. Kc5
Rxd4 40. Kxd4 f5 41. gxf5 Kf6 42. Kxc4 Nxf5 43. Kc5 h6 44. Bd3 Ke5 45. Be4 1-0

[Event "X GRAN TORNEO INTERNACIONAL AFICIONADOS S-2300 "]
[Site "Benidorm (Alicante - SPAIN)"]
[Date "2011.12.03"]
[Round "2"]
[Board "1"]
[White "Camacho Calle, Pedro"]
[Black "Montalban, Galvez Antoni"]
[Result "1/2-1/2"]
[WhiteElo "2072"]
[BlackElo "2207"]
[PlyCount "53"]
[EventDate "2011.12.02"]
[EventRounds "10"]
[EventCountry "ESP"]

1. Nf3 Nf6 2. c4 g6 3. b3 Bg7 4. Bb2 d6 5. d3 O-O 6. e3 e5 7. Be2 a5 8. a3 Nbd7
9. Nbd2 Re8 10. O-O e4 11. dxe4 Nxe4 12. Bxg7 Kxg7 13. Nxe4 Rxe4 14. Qc2 Re8
15. Qc3+ Qf6 16. Qxf6+ Kxf6 17. Nd4 c6 18. b4 Ke7 19. Nb3 a4 20. Nd4 Nb6 21.
Rac1 Be6 22. Nxe6 fxe6 23. e4 Nd7 24. f4 c5 25. b5 Rf8 26. Bg4 Rad8 27. g3
1/2-1/2

[Event "X GRAN TORNEO INTERNACIONAL AFICIONADOS S-2300 "]
[Site "Benidorm (Alicante - SPAIN)"]
[Date "2011.12.03"]
[Round "2"]
[Board "1"]
[White "Fernandez Manrique, Agustin"]
[Black "Spanton, Tim R"]
[Result "1-0"]
[WhiteElo "2173"]
[BlackElo "1978"]
[PlyCount "59"]
[EventDate "2011.12.02"]
[EventRounds "10"]
[EventCountry "ESP"]

1. c4 c5 2. Nc3 Nc6 3. g3 g6 4. Bg2 Bg7 5. a3 d6 6. Rb1 a5 7. Nf3 e5 8. O-O
Nge7 9. d3 O-O 10. Ne1 f5 11. Bg5 Bf6 12. Bxf6 Rxf6 13. Nc2 Ra7 14. Ne3 Kg7 15.
Ned5 Rf8 16. e3 Nxd5 17. Nxd5 Ne7 18. Nxe7 Qxe7 19. b4 axb4 20. axb4 b6 21.
bxc5 bxc5 22. Rb6 Bb7 23. Bd5 Bxd5 24. cxd5 f4 25. exf4 exf4 26. Re1 Qf6 27.
Qf3 Qc3 28. Reb1 fxg3 29. Rb7+ Kg8 30. Qxg3 1-0

[Event "X GRAN TORNEO INTERNACIONAL AFICIONADOS S-2300 "]
[Site "Benidorm (Alicante - SPAIN)"]
[Date "2011.12.03"]
[Round "2"]
[Board "1"]
[White "Permuy Lorenzo, Carlos Javier"]
[Black "Acero Solis, Alberto"]
[Result "1/2-1/2"]
[WhiteElo "2290"]
[BlackElo "1931"]
[PlyCount "49"]
[EventDate "2011.12.02"]
[EventRounds "10"]
[EventCountry "ESP"]

1. c4 e6 2. g3 f5 3. Bg2 Nf6 4. Nf3 Be7 5. O-O O-O 6. d4 Ne4 7. Nbd2 Nxd2 8.
Bxd2 d6 9. Qc2 Nc6 10. d5 Nb8 11. dxe6 Nc6 12. b4 Bf6 13. Bc3 Qe7 14. b5 Nd8
15. Nd4 Bxd4 16. Bxd4 Nxe6 17. Bb2 f4 18. Qe4 Qg5 19. Rad1 Nc5 20. Qd4 Be6 21.
Bc1 Rae8 22. Bxf4 Qg6 23. Be3 Qc2 24. Qd2 Qxc4 25. Rc1 1/2-1/2

[Event "X GRAN TORNEO INTERNACIONAL AFICIONADOS S-2300 "]
[Site "Benidorm (Alicante - SPAIN)"]
[Date "2011.12.03"]
[Round "2"]
[Board "1"]
[White "O`neill Y Daneiko, Jose Antonio"]
[Black "Sanchez Dengra, Barbara"]
[Result "1-0"]
[WhiteElo "2091"]
[BlackElo "1874"]
[PlyCount "44"]
[EventDate "2011.12.02"]
[EventRounds "10"]
[EventCountry "ESP"]

1. c4 e5 2. Nc3 Nf6 3. g3 c6 4. Nf3 e4 5. Nd4 d5 6. cxd5 cxd5 7. d3 Bc5 8. Nb3
Bb6 9. dxe4 dxe4 10. Qxd8+ Kxd8 11. Bg5 Bf5 12. Bg2 Re8 13. O-O Re7 14. Rfd1+
Ke8 15. Bxf6 gxf6 16. Nd5 Re6 17. Nd4 Bxd4 18. Nc7+ Ke7 19. Rxd4 Nc6 20. Nxe6
fxe6 21. Rd2 Rc8 22. Rc1 Bg6 1-0

[Event "X GRAN TORNEO INTERNACIONAL AFICIONADOS S-2300 "]
[Site "Benidorm (Alicante - SPAIN)"]
[Date "2011.12.03"]
[Round "2"]
[Board "1"]
[White "Lanza, Luciano"]
[Black "Codina Tormo, Julia"]
[Result "1/2-1/2"]
[WhiteElo "2178"]
[BlackElo "2033"]
[PlyCount "39"]
[EventDate "2011.12.02"]
[EventRounds "10"]
[EventCountry "ESP"]

1. e4 c5 2. Nf3 Nc6 3. d4 cxd4 4. Nxd4 g6 5. Nc3 Bg7 6. Be3 Nf6 7. Nb3 O-O 8.
Be2 d6 9. O-O Bd7 10. f4 Rc8 11. Bf3 Be6 12. Nd5 Nd7 13. c3 b5 14. Nd4 Bxd5 15.
exd5 Nxd4 16. Bxd4 Bxd4+ 17. Qxd4 Qa5 18. Rfe1 Rfe8 19. Re3 Nb6 20. Ree1
1/2-1/2

[Event "X GRAN TORNEO INTERNACIONAL AFICIONADOS S-2300 "]
[Site "Benidorm (Alicante - SPAIN)"]
[Date "2011.12.03"]
[Round "2"]
[Board "1"]
[White "Garcia Ramos, Marcos"]
[Black "Morant Amezaga, Elies"]
[Result "1-0"]
[WhiteElo "2118"]
[BlackElo "2019"]
[PlyCount "51"]
[EventDate "2011.12.02"]
[EventRounds "10"]
[EventCountry "ESP"]

1. e4 e5 2. Nf3 Nf6 3. Nxe5 d6 4. Nf3 Nxe4 5. Bd3 Nc5 6. Be2 Be7 7. d4 Ne4 8.
O-O d5 9. c4 O-O 10. Nc3 Nf6 11. Bg5 Be6 12. Ne5 c6 13. f4 dxc4 14. Nxc4 Nbd7
15. Qd2 h6 16. Bh4 Bxc4 17. Bxc4 Nb6 18. Bb3 Nbd5 19. Rae1 Bb4 20. Qd3 Qa5 21.
Nxd5 Nxd5 22. Re5 f6 23. Bc2 Rfe8 24. Qh7+ Kf8 25. Bg6 Rxe5 26. fxe5 1-0

[Event "X GRAN TORNEO INTERNACIONAL AFICIONADOS S-2300 "]
[Site "Benidorm (Alicante - SPAIN)"]
[Date "2011.12.04"]
[Round "3"]
[Board "1"]
[White "Navarro, Ortiz De Ortuno Borja"]
[Black "Hristodorescu, Daniel"]
[Result "1-0"]
[WhiteElo "2296"]
[BlackElo "2219"]
[PlyCount "67"]
[EventDate "2011.12.02"]
[EventRounds "10"]
[EventCountry "ESP"]

1. d4 Nf6 2. Nf3 g6 3. c4 Bg7 4. g3 O-O 5. Bg2 d6 6. O-O c6 7. Nc3 Qa5 8. e4
Qh5 9. e5 dxe5 10. Nxe5 Qxd1 11. Rxd1 Nbd7 12. f4 h5 13. h3 Ne8 14. Be3 Nd6 15.
Bf1 Rd8 16. Bf2 Nf6 17. Bg2 Bh6 18. c5 Nde8 19. d5 cxd5 20. Nxd5 Nxd5 21. Bxd5
Rxd5 22. Rxd5 Be6 23. Rd4 Nc7 24. Rad1 Kg7 25. Rd8 Rxd8 26. Rxd8 Bxa2 27. Rd7
Nd5 28. Rxb7 h4 29. Rxa7 hxg3 30. Bxg3 Bb1 31. Ng4 g5 32. Nxh6 gxf4 33. Rd7 Be4
34. Rxd5 1-0

[Event "X GRAN TORNEO INTERNACIONAL AFICIONADOS S-2300 "]
[Site "Benidorm (Alicante - SPAIN)"]
[Date "2011.12.04"]
[Round "3"]
[Board "1"]
[White "Voiteanu, Gabriel"]
[Black "Tscharotschkin, Michael"]
[Result "1/2-1/2"]
[WhiteElo "2293"]
[BlackElo "2202"]
[PlyCount "92"]
[EventDate "2011.12.02"]
[EventRounds "10"]
[EventCountry "ESP"]

1. d4 d5 2. c4 c6 3. Nf3 e6 4. g3 Bd6 5. Bg2 f5 6. O-O Nf6 7. Bf4 Bxf4 8. gxf4
O-O 9. e3 Qe7 10. Nc3 Ne4 11. Ne5 Nd7 12. Rc1 Nxe5 13. fxe5 Bd7 14. f4 Kh8 15.
Kh1 Rg8 16. cxd5 Nxc3 17. bxc3 cxd5 18. c4 dxc4 19. d5 exd5 20. Bxd5 Be6 21.
Rxc4 Bxd5+ 22. Qxd5 Rad8 23. Qg2 Rd7 24. Rd4 Rc7 25. Rfd1 Rgc8 26. Qd2 h6 27.
Rd7 Qc5 28. Rd8+ Rxd8 29. Qxd8+ Kh7 30. Qd2 Qc6+ 31. Qg2 Qxg2+ 32. Kxg2 Rc2+
33. Kg3 Rxa2 34. Rd7 b5 35. e4 Ra3+ 36. Kg2 Ra2+ 37. Kf3 Ra3+ 38. Ke2 Ra4 39.
exf5 Rxf4 40. f6 Re4+ 41. Kd3 Rxe5 42. Rxg7+ Kh8 43. Rxa7 Kg8 44. Kd4 Rf5 45.
Rb7 Rxf6 46. Rxb5 Kg7 1/2-1/2

[Event "X GRAN TORNEO INTERNACIONAL AFICIONADOS S-2300 "]
[Site "Benidorm (Alicante - SPAIN)"]
[Date "2011.12.04"]
[Round "3"]
[Board "1"]
[White "Bas Mas, Jose Joaquin"]
[Black "Lillo Castay, Victor"]
[Result "0-1"]
[WhiteElo "2214"]
[BlackElo "2289"]
[PlyCount "90"]
[EventDate "2011.12.02"]
[EventRounds "10"]
[EventCountry "ESP"]

1. e4 e5 2. Nf3 Nc6 3. Bb5 f5 4. Nc3 fxe4 5. Nxe4 Nf6 6. Qe2 d5 7. Nxe5 dxe4 8.
Nxc6 bxc6 9. Bxc6+ Bd7 10. Bxa8 Qxa8 11. d3 Bc5 12. dxe4 Qxe4 13. Qxe4+ Nxe4
14. Be3 Bxe3 15. fxe3 O-O 16. Rf1 Re8 17. Rd1 Bc6 18. Rd4 Nd6 19. Kf2 Nf5 20.
Rf4 Be4 21. g4 Nd6 22. Ke2 g5 23. R4f2 Bg6 24. b3 Ne4 25. Rg2 Rd8 26. Ke1 a5
27. h3 Kg7 28. a4 Kg8 29. Ke2 c6 30. Rc1 c5 31. Ke1 Nc3 32. Rf2 Re8 33. Rf3 Na2
34. Rd1 Nb4 35. c3 Nd3+ 36. Ke2 Ne5 37. Rg3 Be4 38. Rd6 Kf7 39. Rg1 Ke7 40. Rb6
Rd8 41. b4 Nc4 42. Rb5 Rd2+ 43. Ke1 Bf3 44. Rg3 Re2+ 45. Kf1 Nd2+ 0-1

[Event "X GRAN TORNEO INTERNACIONAL AFICIONADOS S-2300 "]
[Site "Benidorm (Alicante - SPAIN)"]
[Date "2011.12.04"]
[Round "3"]
[Board "1"]
[White "Inants, Aghasi"]
[Black "Accattato Martin, Mario"]
[Result "0-1"]
[WhiteElo "2288"]
[BlackElo "2185"]
[PlyCount "94"]
[EventDate "2011.12.02"]
[EventRounds "10"]
[EventCountry "ESP"]

1. e4 d6 2. d4 Nf6 3. Nc3 e5 4. dxe5 dxe5 5. Qxd8+ Kxd8 6. Bg5 Bd6 7. O-O-O h6
8. Bxf6+ gxf6 9. Nb5 Ke7 10. Rxd6 cxd6 11. Nc7 Be6 12. Nxa8 Rc8 13. Nb6 axb6
14. b3 Nc6 15. Kb2 f5 16. Bd3 fxe4 17. Bxe4 d5 18. Bf3 Nb4 19. Bd1 Bf5 20. Nf3
f6 21. Ne1 d4 22. g3 Rc3 23. a3 Nd5 24. Ng2 Be4 25. Rg1 Kd6 26. Ne1 b5 27. Be2
b4 28. a4 Bg6 29. Nd3 e4 30. Nf4 Nxf4 31. gxf4 Bf5 32. Bd1 Rh3 33. Rg7 Rxh2 34.
Rxb7 Rxf2 35. Rxb4 d3 36. Kc3 e3 37. cxd3 e2 38. Bxe2 Rxe2 39. a5 Kc7 40. Rb5
Bg4 41. f5 h5 42. Rb6 h4 43. Rxf6 h3 44. Rf7+ Kd6 45. f6 h2 46. Rh7 Bf3 47. f7
Ke7 0-1

[Event "X GRAN TORNEO INTERNACIONAL AFICIONADOS S-2300 "]
[Site "Benidorm (Alicante - SPAIN)"]
[Date "2011.12.04"]
[Round "3"]
[Board "1"]
[White "Marcos Pinto, Luis"]
[Black "Recuero Guerra, Javier"]
[Result "1/2-1/2"]
[WhiteElo "2191"]
[BlackElo "2282"]
[PlyCount "22"]
[EventDate "2011.12.02"]
[EventRounds "10"]
[EventCountry "ESP"]

1. e4 e5 2. Nf3 d6 3. d4 exd4 4. Nxd4 Nf6 5. Nc3 Be7 6. Bc4 O-O 7. O-O c6 8. a4
a5 9. h3 Na6 10. Re1 Nb4 11. Bf4 Nd7 1/2-1/2

[Event "X GRAN TORNEO INTERNACIONAL AFICIONADOS S-2300 "]
[Site "Benidorm (Alicante - SPAIN)"]
[Date "2011.12.04"]
[Round "3"]
[Board "1"]
[White "Fernandez Manrique, Agustin"]
[Black "Villuendas Valero, Adrian"]
[Result "1/2-1/2"]
[WhiteElo "2173"]
[BlackElo "2267"]
[PlyCount "31"]
[EventDate "2011.12.02"]
[EventRounds "10"]
[EventCountry "ESP"]

1. Nf3 c5 2. c4 g6 3. Nc3 Bg7 4. g3 Nc6 5. Bg2 e5 6. O-O Nge7 7. e3 d6 8. d4
exd4 9. exd4 O-O 10. dxc5 dxc5 11. Qxd8 Rxd8 12. Bg5 h6 13. Bxe7 Nxe7 14. Na4
b6 15. Ne5 Rb8 16. Rfe1 1/2-1/2

[Event "X GRAN TORNEO INTERNACIONAL AFICIONADOS S-2300 "]
[Site "Benidorm (Alicante - SPAIN)"]
[Date "2011.12.04"]
[Round "3"]
[Board "1"]
[White "Martin Alvarez, Inigo"]
[Black "(*) Montoliu Cervero, Francisco"]
[Result "1-0"]
[WhiteElo "2262"]
[BlackElo "2159"]
[PlyCount "75"]
[EventDate "2011.12.02"]
[EventRounds "10"]
[EventCountry "ESP"]

1. e4 c5 2. Nf3 d6 3. d4 cxd4 4. Nxd4 Nf6 5. Nc3 g6 6. Bc4 Bg7 7. O-O O-O 8.
Nf3 Nc6 9. h3 Bd7 10. Re1 Rc8 11. Bf1 a6 12. Bg5 h6 13. Be3 b5 14. a4 Ne5 15.
Nxe5 dxe5 16. f3 Bc6 17. axb5 axb5 18. Nxb5 Bxb5 19. Bxb5 Qxd1 20. Rexd1 Rxc2
21. Rd2 Rxd2 22. Bxd2 Rb8 23. Ra5 Ne8 24. Bxe8 Rxe8 25. b4 Rb8 26. b5 e6 27.
Be3 Bf8 28. b6 Bd6 29. Ra7 Rd8 30. b7 Rb8 31. Ra8 Kg7 32. Rxb8 Bxb8 33. Kf2 Kf8
34. Bxh6+ Ke7 35. h4 Kd7 36. g4 Bd6 37. h5 Kc7 38. Bg7 1-0

[Event "X GRAN TORNEO INTERNACIONAL AFICIONADOS S-2300 "]
[Site "Benidorm (Alicante - SPAIN)"]
[Date "2011.12.04"]
[Round "3"]
[Board "1"]
[White "Martin Martin, Luis Vicente"]
[Black "Lara Lopez, Jose"]
[Result "0-1"]
[WhiteElo "2059"]
[BlackElo "2231"]
[PlyCount "62"]
[EventDate "2011.12.02"]
[EventRounds "10"]
[EventCountry "ESP"]

1. d4 Nf6 2. Bf4 d6 3. Nf3 g6 4. e3 Bg7 5. h3 O-O 6. Be2 Nbd7 7. O-O c5 8. c3
b6 9. Nbd2 Bb7 10. a4 a6 11. Bh2 Qc7 12. Qb1 Rfe8 13. Re1 e5 14. Nc4 Ne4 15.
Rd1 cxd4 16. cxd4 b5 17. axb5 axb5 18. Rxa8 Bxa8 19. Na3 b4 20. Nb5 Qb6 21. Qd3
exd4 22. Nbxd4 Ne5 23. Nxe5 dxe5 24. Qb5 Qxb5 25. Nxb5 Bc6 26. f3 Ng5 27. e4
Ne6 28. Rd6 Bxb5 29. Bxb5 Rc8 30. Rb6 Bf8 31. Bxe5 Bc5+ 0-1

[Event "X GRAN TORNEO INTERNACIONAL AFICIONADOS S-2300 "]
[Site "Benidorm (Alicante - SPAIN)"]
[Date "2011.12.04"]
[Round "3"]
[Board "1"]
[White "Rogac, Srdjan"]
[Black "San Emeterio Rubio, Jose"]
[Result "1-0"]
[WhiteElo "2287"]
[BlackElo "2025"]
[PlyCount "73"]
[EventDate "2011.12.02"]
[EventRounds "10"]
[EventCountry "ESP"]

1. e4 Nf6 2. e5 Nd5 3. d4 d6 4. Nf3 Bg4 5. Be2 e6 6. O-O Be7 7. c4 Nb6 8. exd6
cxd6 9. Nc3 O-O 10. h3 Bh5 11. Be3 d5 12. c5 Bxf3 13. Bxf3 Nc4 14. b3 Nxe3 15.
fxe3 Nc6 16. a3 Bg5 17. Qd3 Na5 18. Rab1 b6 19. e4 bxc5 20. dxc5 d4 21. Nb5
Be3+ 22. Kh1 e5 23. Nd6 Nc6 24. b4 a6 25. Qb3 Qg5 26. Be2 Bf4 27. Bc4 Nd8 28.
Rf3 Qh6 29. Rbf1 g6 30. a4 Qh4 31. b5 axb5 32. axb5 Qh6 33. Bd5 Rb8 34. Qa2 Ne6
35. Bxe6 fxe6 36. Qxe6+ Kh8 37. g3 1-0

[Event "X GRAN TORNEO INTERNACIONAL AFICIONADOS S-2300 "]
[Site "Benidorm (Alicante - SPAIN)"]
[Date "2011.12.04"]
[Round "3"]
[Board "1"]
[White "Sanz Bastos, Fernando"]
[Black "Carrascoso Morales, Abel"]
[Result "0-1"]
[WhiteElo "2063"]
[BlackElo "2256"]
[PlyCount "52"]
[EventDate "2011.12.02"]
[EventRounds "10"]
[EventCountry "ESP"]

1. e4 d6 2. Nc3 g6 3. g3 Bg7 4. Bg2 Nf6 5. d3 O-O 6. f4 e5 7. Nf3 Nc6 8. O-O
Nd4 9. Nxd4 exd4 10. Ne2 c5 11. h3 d5 12. e5 Ne8 13. c3 dxc3 14. bxc3 Nc7 15.
Ba3 b6 16. c4 Be6 17. Qb3 Rb8 18. Rad1 Qd7 19. Kh2 d4 20. Ng1 b5 21. Bxc5 bxc4
22. Qc2 c3 23. Rb1 Rfc8 24. Ne2 Nb5 25. Rxb5 Rxb5 26. Bxd4 Rb2 0-1

[Event "X GRAN TORNEO INTERNACIONAL AFICIONADOS S-2300 "]
[Site "Benidorm (Alicante - SPAIN)"]
[Date "2011.12.04"]
[Round "3"]
[Board "1"]
[White "Garcia Lopez, Miguel Angel"]
[Black "O`neill Y Daneiko, Jose Antonio"]
[Result "1/2-1/2"]
[WhiteElo "2232"]
[BlackElo "2091"]
[PlyCount "40"]
[EventDate "2011.12.02"]
[EventRounds "10"]
[EventCountry "ESP"]

1. e4 Nf6 2. e5 Nd5 3. d4 d6 4. Nf3 dxe5 5. Nxe5 c6 6. c4 Nb4 7. Nd3 Nxd3+ 8.
Qxd3 Bg4 9. Nc3 e6 10. Be3 Be7 11. Qd2 Nd7 12. Bd3 Bh5 13. O-O O-O 14. f4 Bg6
15. f5 exf5 16. Bxf5 Bxf5 17. Rxf5 g6 18. Rff1 f5 19. Rae1 Nf6 20. h3 Qd7
1/2-1/2

[Event "X GRAN TORNEO INTERNACIONAL AFICIONADOS S-2300 "]
[Site "Benidorm (Alicante - SPAIN)"]
[Date "2011.12.04"]
[Round "3"]
[Board "1"]
[White "Remolar Gallen, Jose"]
[Black "Bosque Ortega, Xavier"]
[Result "1-0"]
[WhiteElo "2086"]
[BlackElo "2229"]
[PlyCount "47"]
[EventDate "2011.12.02"]
[EventRounds "10"]
[EventCountry "ESP"]

1. e4 c6 2. c4 g6 3. d4 Bg7 4. Nc3 d6 5. f4 Qb6 6. Be3 Nf6 7. Be2 O-O 8. Qd2
Ng4 9. Bxg4 Bxg4 10. h3 Bd7 11. Nge2 Qa6 12. Rc1 b6 13. h4 h5 14. f5 Qc8 15.
Bh6 e6 16. g4 hxg4 17. fxg6 fxg6 18. h5 Qe8 19. Qg5 Qf7 20. hxg6 Qf6 21. Qxg4
e5 22. Qh5 exd4 23. Bf4 Re8 24. Bg5 1-0

[Event "X GRAN TORNEO INTERNACIONAL AFICIONADOS S-2300 "]
[Site "Benidorm (Alicante - SPAIN)"]
[Date "2011.12.04"]
[Round "3"]
[Board "1"]
[White "Mirete Bernabe, Marco Antonio"]
[Black "Camacho Calle, Pedro"]
[Result "1/2-1/2"]
[WhiteElo "2204"]
[BlackElo "2072"]
[PlyCount "26"]
[EventDate "2011.12.02"]
[EventRounds "10"]
[EventCountry "ESP"]

1. c4 c6 2. Nc3 d5 3. e3 Nf6 4. Nf3 g6 5. d4 Bg7 6. Ne5 O-O 7. cxd5 Nxd5 8. f4
Nd7 9. Bc4 Nxe5 10. fxe5 Nxc3 11. bxc3 Be6 12. Bxe6 fxe6 13. Qb3 Qd5 1/2-1/2

[Event "X GRAN TORNEO INTERNACIONAL AFICIONADOS S-2300 "]
[Site "Benidorm (Alicante - SPAIN)"]
[Date "2011.12.04"]
[Round "3"]
[Board "1"]
[White "Acero Solis, Alberto"]
[Black "Sanchez Barbado, Carlos"]
[Result "1/2-1/2"]
[WhiteElo "1931"]
[BlackElo "2180"]
[PlyCount "23"]
[EventDate "2011.12.02"]
[EventRounds "10"]
[EventCountry "ESP"]

1. f4 d5 2. Nf3 Nf6 3. e3 e6 4. b3 Be7 5. Bb2 c5 6. Bb5+ Nbd7 7. O-O O-O 8. Qe2
Qb6 9. a4 a6 10. Bxd7 Bxd7 11. Ne5 Bc6 12. d3 1/2-1/2

[Event "X GRAN TORNEO INTERNACIONAL AFICIONADOS S-2300 "]
[Site "Benidorm (Alicante - SPAIN)"]
[Date "2011.12.04"]
[Round "3"]
[Board "1"]
[White "Muratet Casadevall, Albert"]
[Black "Nicolas Zapata, Javier"]
[Result "1/2-1/2"]
[WhiteElo "2164"]
[BlackElo "2014"]
[PlyCount "26"]
[EventDate "2011.12.02"]
[EventRounds "10"]
[EventCountry "ESP"]

1. e4 e6 2. d4 d5 3. e5 c5 4. c3 Qb6 5. Nf3 Bd7 6. Be2 cxd4 7. cxd4 Bb5 8. O-O
Bxe2 9. Qxe2 Nc6 10. Nc3 Nge7 11. Be3 Nf5 12. Rab1 Be7 13. Rfd1 O-O 1/2-1/2